[Event "XVII M.F.Sz.Dobczyce Gr.A"]
[Site "Dobczyce"]
[Date "2009.07.23"]
[Round "6.11"]
[White "Bes, MIchal"]
[Black "Sleczka, Bartosz"]
[Result "1/2-1/2"]
[WhiteElo "1983"]
[BlackElo "1835"]
[PlyCount "85"]
[EventDate "2009.??.??"]

1. e4 e5 2. d4 exd4 3. Nf3 Nc6 4. Bc4 Nf6 5. O-O Nxe4 6. Re1 d5 7. Bxd5 Qxd5 8.
Nc3 Qa5 9. Nxe4 Be6 10. Neg5 O-O-O 11. Nxe6 fxe6 12. Rxe6 Bd6 13. Bd2 Qh5 14.
Qe2 Rhf8 15. h3 Qf7 16. Re1 h6 17. Qe4 Ne5 18. Rxe5 Bxe5 19. Qxe5 Rfe8 20. Qa5
Rxe1+ 21. Nxe1 a6 22. Nd3 g5 23. a4 Qe6 24. b4 Rd5 25. b5 Qe2 26. Qb4 Qd1+ 27.
Ne1 axb5 28. axb5 Qe2 29. Qf8+ Rd8 30. Qf5+ Kb8 31. Nf3 Qc4 32. Ba5 b6 33. Ne5
Qxb5 34. Qf6 Rd6 35. Qh8+ Kb7 36. Nf7 Rd7 37. Qe8 bxa5 38. Nd8+ Ka7 39. Ne6 Qd5
40. Nc5 Qxc5 41. Qxd7 Qxc2 42. Qxd4+ Kb7 43. Qd5+ 1/2-1/2

+ 1/2-1/2

[Event "XVII M.F.Sz.Dobczyce Gr.A"]
[Site "Dobczyce"]
[Date "2009.07.24"]
[Round "7.1"]
[White "Kuziola, Mateusz"]
[Black "Lach, Aleksandra"]
[Result "0-1"]
[WhiteElo "2327"]
[BlackElo "2069"]
[PlyCount "78"]
[EventDate "2009.??.??"]

1. e4 c5 2. g3 Nc6 3. Bg2 Nf6 4. Nc3 e6 5. d3 Be7 6. Nge2 d5 7. exd5 exd5 8.
Bg5 d4 9. Bxf6 Bxf6 10. Nd5 O-O 11. O-O Be5 12. Re1 Bg4 13. Qd2 h6 14. a3 Qd6
15. Rab1 Be6 16. Ndf4 Bd7 17. h4 Rac8 18. Nd5 Kh8 19. b4 cxb4 20. axb4 b5 21.
h5 Rfd8 22. Nef4 Bg4 23. Ra1 Bxf4 24. Nxf4 Nxb4 25. Reb1 Rxc2 26. Qe1 Rc3 27.
Qe4 Nxd3 28. Nxd3 f5 29. Qb7 Rxd3 30. Rxa7 Qf8 31. Qxb5 Rc3 32. Qe5 Rc5 33. Qf4
d3 34. Ra2 Bxh5 35. Rd2 Be2 36. Bf1 Re8 37. Bg2 Rc2 38. Rb2 Qc5 39. Bh3 Bg4 0-1

[Event "XVII M.F.Sz.Dobczyce Gr.A"]
[Site "Dobczyce"]
[Date "2009.07.24"]
[Round "7.2"]
[White "Wypych, Dominik"]
[Black "Watorek, Marcin"]
[Result "1/2-1/2"]
[WhiteElo "2063"]
[BlackElo "2115"]
[PlyCount "37"]
[EventDate "2009.??.??"]

1. d4 d5 2. c4 e6 3. Nf3 Nf6 4. g3 dxc4 5. Qa4+ Nbd7 6. Bg2 c5 7. Nc3 a6 8. O-O
Nd5 9. Qxc4 b5 10. Qb3 Bb7 11. Ne4 c4 12. Qc2 Be7 13. a3 O-O 14. Neg5 N5f6 15.
Ne5 Bxg2 16. Kxg2 h6 17. Nc6 Qe8 18. Nf3 Bd6 19. Bd2 1/2-1/2

[Event "XVII M.F.Sz.Dobczyce Gr.A"]
[Site "Dobczyce"]
[Date "2009.07.24"]
[Round "7.3"]
[White "Grabarczyk, Bogdan"]
[Black "Stachanczyk, Jacek"]
[Result "0-1"]
[WhiteElo "2445"]
[BlackElo "2205"]
[PlyCount "66"]
[EventDate "2009.??.??"]

1. e4 c5 2. Nf3 d6 3. d4 cxd4 4. Nxd4 Nf6 5. Nc3 g6 6. Be3 Bg7 7. f3 Nc6 8. Bc4
O-O 9. Qd2 Bd7 10. h4 Rc8 11. Bb3 Ne5 12. h5 Nxh5 13. Bh6 Bxh6 14. Qxh6 Rxc3
15. bxc3 Qa5 16. Qe3 Rc8 17. Kd2 Nf6 18. Rh4 Neg4 19. Rxg4 Bxg4 20. Rh1 Bd7 21.
Ne2 Bb5 22. e5 dxe5 23. Qxe5 Qd8+ 24. Nd4 Bc4 25. g4 b6 26. Re1 Nd5 27. Kc1 Qc7
28. Ba4 Qxe5 29. Rxe5 f6 30. Re1 e5 31. Nb5 Bxb5 32. Bxb5 Nxc3 33. Bd7 Rc7 0-1

[Event "XVII M.F.Sz.Dobczyce Gr.A"]
[Site "Dobczyce"]
[Date "2009.07.24"]
[Round "7.4"]
[White "Kudas, Damian"]
[Black "Lach, Piotr"]
[Result "1-0"]
[WhiteElo "2047"]
[BlackElo "2148"]
[PlyCount "62"]
[EventDate "2009.??.??"]

1. Nf3 f5 2. d4 Nf6 3. c4 g6 4. Nc3 Bg7 5. g3 O-O 6. Bg2 d6 7. d5 c5 8. O-O Na6
9. Re1 Nc7 10. e4 fxe4 11. Ng5 Rb8 12. a4 Bg4 13. Qb3 e5 14. Ncxe4 Nfe8 15. h3
Bf5 16. g4 Bd7 17. Qd3 h6 18. Nf3 Qe7 19. g5 h5 20. Nh4 Bf5 21. Qe2 Qf7 22. Ng3
Bd3 23. Qxd3 Qxf2+ 24. Kh2 Qxe1 25. Qxg6 Qf2 26. Nhf5 Rxf5 27. Nxf5 e4 28. Be3
Qe2 29. Rf1 Kh8 30. Nxg7 Nxg7 31. Qh6+ Kg8 1-0

[Event "XVII M.F.Sz.Dobczyce Gr.A"]
[Site "Dobczyce"]
[Date "2009.07.24"]
[Round "7.5"]
[White "Siedlinski, Piotr"]
[Black "Duda, Jan-Krzysztof"]
[Result "1/2-1/2"]
[WhiteElo "1922"]
[BlackElo "2086"]
[PlyCount "88"]
[EventDate "2009.??.??"]

1. d4 Nf6 2. Nc3 d5 3. Bg5 e6 4. e4 Be7 5. e5 Nfd7 6. h4 Bxg5 7. hxg5 Qxg5 8.
Qd3 h6 9. Nf3 Qe7 10. O-O-O Nb6 11. Qe3 Bd7 12. g4 Nc6 13. g5 h5 14. g6 f6 15.
Bd3 O-O-O 16. Rh2 Na5 17. Rdh1 Nac4 18. Qe2 Nxb2 19. Kxb2 Qb4+ 20. Kc1 Qxc3 21.
Rxh5 Rhf8 22. exf6 Rxf6 23. Rh8 Rff8 24. Rxf8 Rxf8 25. Rh7 c5 26. dxc5 Qxc5 27.
Rxg7 Qa3+ 28. Kd2 Qb4+ 29. Kc1 Na4 30. Rf7 Rxf7 31. gxf7 Qf4+ 32. Qe3 Qxf7 33.
Ne5 Qe7 34. Nxd7 Qa3+ 35. Kd1 Nc3+ 36. Kd2 Kxd7 37. Qe5 Nb1+ 38. Ke2 Qc3 39.
Qf4 Qg7 40. Qa4+ Kd8 41. Qxa7 Qe5+ 42. Qe3 Nc3+ 43. Kd2 Qxe3+ 44. fxe3 Na4
1/2-1/2

[Event "XVII M.F.Sz.Dobczyce Gr.A"]
[Site "Dobczyce"]
[Date "2009.07.24"]
[Round "7.6"]
[White "Platek, Michal"]
[Black "Guzik, Jolanta"]
[Result "1/2-1/2"]
[WhiteElo "1942"]
[BlackElo "2113"]
[PlyCount "45"]
[EventDate "2009.??.??"]

1. e4 e5 2. Nc3 Nf6 3. Bc4 Bc5 4. d3 c6 5. Bg5 b5 6. Bb3 d6 7. Qd2 a5 8. a3
Nbd7 9. Nge2 Qb6 10. O-O h6 11. Be3 Ng4 12. Bxc5 Nxc5 13. Ba2 Ne6 14. h3 Nf6
15. Kh1 g5 16. Nd1 Nf4 17. Ne3 Be6 18. Ng3 h5 19. Ngf5 O-O-O 20. c4 h4 21. cxb5
cxb5 22. Rfc1+ Kd7 23. f3 1/2-1/2

[Event "XVII M.F.Sz.Dobczyce Gr.A"]
[Site "Dobczyce"]
[Date "2009.07.24"]
[Round "7.9"]
[White "Klementys, Jerzy"]
[Black "Labus, Zbigniew"]
[Result "1/2-1/2"]
[WhiteElo "1836"]
[BlackElo "1943"]
[PlyCount "96"]
[EventDate "2009.??.??"]

1. d4 d5 2. c4 e6 3. Nf3 c6 4. Nc3 f5 5. e3 Nf6 6. Be2 Nbd7 7. O-O Bd6 8. c5
Bc7 9. b4 a6 10. Bb2 O-O 11. Qc2 Ne4 12. a4 Rf6 13. b5 Rh6 14. b6 Bxh2+ 15. Kh1
Bb8+ 16. Kg1 g5 17. Nxe4 dxe4 18. Ne5 g4 19. g3 Qg5 20. Kg2 Nf6 21. Rh1 Bxe5
22. dxe5 Nd5 23. Qd2 Bd7 24. Rxh6 Qxh6 25. Rh1 Qg5 26. a5 Rd8 27. Kf1 Bc8 28.
Bd4 h5 29. Ke1 Kf7 30. Kd1 Rh8 31. Qe1 Qd8 32. Kc2 h4 33. Rxh4 Rxh4 34. gxh4
Qxh4 35. Qg1 Ne7 36. Bc3 Ng6 37. Kb3 Qh3 38. Kc2 Ne7 39. Bf1 Qh4 40. Qg3 Qxg3
41. fxg3 Ng8 42. Kd1 Nh6 43. Ke1 Kg6 44. Kf2 Nf7 45. Bc4 Ng5 46. Kg2 Nh3 47.
Bf1 Kg5 48. Be1 Kg6 1/2-1/2

[Event "XVII M.F.Sz.Dobczyce Gr.A"]
[Site "Dobczyce"]
[Date "2009.07.24"]
[Round "7.10"]
[White "Skwarnicki, Adam"]
[Black "Sowinski, Lukasz"]
[Result "0-1"]
[WhiteElo "2020"]
[BlackElo "1886"]
[PlyCount "64"]
[EventDate "2009.??.??"]

1. d4 d5 2. Nf3 Nf6 3. c4 e6 4. g3 Be7 5. Bg2 O-O 6. Nc3 c6 7. Qd3 Nbd7 8. Ng5
h6 9. h4 dxc4 10. Qc2 c5 11. d5 Ne5 12. Bf4 Ng6 13. Nxf7 Kxf7 14. O-O-O Qa5 15.
d6 Bd8 16. h5 Nh8 17. g4 Nxg4 18. Be4 Bf6 19. d7 Nxf2 20. dxc8=Q Raxc8 21. Rd7+
Ke8 22. Rxb7 Bxc3 23. bxc3 Rxf4 24. Qd2 Rf7 25. Qd6 Qxc3+ 26. Kb1 Rxb7+ 27.
Bxb7 Qb4+ 28. Kc2 Qxb7 29. Qxe6+ Kf8 30. Rf1 Nf7 31. Rxf2 Re8 32. Qd6+ Qe7 0-1

[Event "XVII M.F.Sz.Dobczyce Gr.A"]
[Site "Dobczyce"]
[Date "2009.07.24"]
[Round "7.12"]
[White "Grochowski, Mariusz"]
[Black "Gabrys, Sebastian"]
[Result "0-1"]
[WhiteElo "1968"]
[BlackElo "1877"]
[PlyCount "74"]
[EventDate "2009.??.??"]

1. d4 g6 2. c4 Bg7 3. Nc3 Nf6 4. e4 d6 5. f4 O-O 6. Nf3 c5 7. d5 e6 8. Bd3 exd5
9. cxd5 Na6 10. O-O Nc7 11. f5 a6 12. Bg5 b5 13. Qd2 b4 14. Ne2 Nce8 15. Rae1
a5 16. h3 Qb6 17. Kh2 Ba6 18. Nf4 c4 19. Bb1 c3 20. bxc3 Bxf1 21. Rxf1 bxc3 22.
Qc2 Qb2 23. Qd3 Rc8 24. Bc2 Qb4 25. e5 dxe5 26. Nxe5 Qd6 27. Re1 h6 28. fxg6
hxg5 29. gxf7+ Rxf7 30. Qg6 Re7 31. Ne6 Rxe6 32. dxe6 Rc5 33. Qf7+ Kh8 34. e7
Rxe5 35. Rxe5 Qxe5+ 36. Kh1 Qe1+ 37. Kh2 Ng4+ 0-1

[Event "XVII M.F.Sz.Dobczyce Gr.A"]
[Site "Dobczyce"]
[Date "2009.07.25"]
[Round "8.1"]
[White "Kudas, Damian"]
[Black "Kuziola, Mateusz"]
[Result "0-1"]
[WhiteElo "2047"]
[BlackElo "2327"]
[PlyCount "56"]
[EventDate "2009.??.??"]

1. d4 c5 2. d5 e5 3. c4 d6 4. Nc3 Be7 5. e4 Bg5 6. Qa4+ Kf8 7. Nf3 Bxc1 8. Rxc1
Ne7 9. Be2 g6 10. a3 Bg4 11. h3 Bxf3 12. Bxf3 Nd7 13. O-O f5 14. b4 Kg7 15. Rb1
Rf8 16. Nb5 Nc8 17. Qb3 b6 18. a4 cxb4 19. Qxb4 Nc5 20. Nc3 Qh4 21. exf5 gxf5
22. Be2 Rf6 23. a5 Rg6 24. Kh1 Kh8 25. f3 Ne7 26. Rfe1 Rxg2 27. Kxg2 Rg8+ 28.
Kf1 Qg3 0-1

[Event "XVII M.F.Sz.Dobczyce Gr.A"]
[Site "Dobczyce"]
[Date "2009.07.25"]
[Round "8.2"]
[White "Stachanczyk, Jacek"]
[Black "Watorek, Marcin"]
[Result "0-1"]
[WhiteElo "2205"]
[BlackElo "2115"]
[PlyCount "66"]
[EventDate "2009.??.??"]

1. e4 c5 2. Nf3 d6 3. d4 cxd4 4. Nxd4 Nf6 5. Nc3 Nc6 6. Bg5 e6 7. Qd2 a6 8.
O-O-O Bd7 9. f4 b5 10. Kb1 b4 11. Nxc6 Bxc6 12. e5 dxe5 13. Qe3 Qa5 14. fxe5
Ng4 15. Qd4 bxc3 16. Qxg4 Qxe5 17. Bc4 Qe4 18. Qxe4 Bxe4 19. Rhe1 Bxg2 20. Bb3
Bc5 21. Re5 Ba7 22. Ba4+ Kf8 23. Ra5 Bb6 24. Re5 Bd5 25. Rdxd5 exd5 26. Be7+
Kg8 27. Bc6 Rc8 28. Bb4 h6 29. Bxd5 cxb2 30. c4 Kh7 31. Bxf7 Bd4 32. Re4 Bf6
33. Be6 Rhd8 0-1

[Event "XVII M.F.Sz.Dobczyce Gr.A"]
[Site "Dobczyce"]
[Date "2009.07.25"]
[Round "8.3"]
[White "Duda, Jan-Krzysztof"]
[Black "Lach, Aleksandra"]
[Result "1-0"]
[WhiteElo "2086"]
[BlackElo "2069"]
[PlyCount "97"]
[EventDate "2009.??.??"]

1. e4 c5 2. Nf3 d6 3. d4 cxd4 4. Nxd4 Nf6 5. Nc3 a6 6. f4 g6 7. e5 dxe5 8. fxe5
Ng4 9. e6 f5 10. h3 Ne5 11. Be3 Bg7 12. Qe2 Nec6 13. Nxf5 O-O 14. Nxg7 Kxg7 15.
h4 Nd4 16. Bxd4+ Qxd4 17. Rd1 Qf4 18. Rh3 Nc6 19. Nd5 Qe5 20. Qxe5+ Nxe5 21.
Be2 Bxe6 22. Re3 Bxd5 23. Rxd5 Nc6 24. Rd7 Rf4 25. Rxb7 Raf8 26. Rc7 Nd4 27.
Rexe7+ Kf6 28. g3 Rf5 29. g4 Re5 30. g5+ Kf5 31. Rxe5+ Kxe5 32. c3 Nf5 33. Rxh7
a5 34. Bd3 Ng3 35. Ra7 Kf4 36. Bxg6 Kg4 37. Bf7 Kxh4 38. g6 Nf5 39. Rxa5 Ng7
40. b4 Kg4 41. b5 Rb8 42. c4 Kf3 43. c5 Ke3 44. c6 Rh8 45. Ra3+ Kd4 46. c7 Rh1+
47. Kf2 Rh2+ 48. Kg1 Rc2 49. Ra4+ 1-0

[Event "XVII M.F.Sz.Dobczyce Gr.A"]
[Site "Dobczyce"]
[Date "2009.07.25"]
[Round "8.4"]
[White "Guzik, Jolanta"]
[Black "Wypych, Dominik"]
[Result "1/2-1/2"]
[WhiteElo "2113"]
[BlackElo "2063"]
[PlyCount "138"]
[EventDate "2009.??.??"]

1. c4 e5 2. Nc3 d6 3. g3 f5 4. Bg2 Nf6 5. e3 c6 6. d4 Be7 7. Nge2 O-O 8. O-O e4
9. Qc2 Be6 10. b3 d5 11. cxd5 cxd5 12. Na4 b6 13. Bd2 Qd7 14. Rfc1 Ba3 15. Nb2
Na6 16. Rab1 Rac8 17. Qd1 Bf7 18. Bf1 Nb4 19. Bxb4 Bxb4 20. Rxc8 Rxc8 21. Rc1
Rc7 22. Na4 Bh5 23. h3 Ne8 24. Rxc7 Qxc7 25. Qa1 Qc2 26. Nf4 Bf7 27. a3 Bd2 28.
Qb2 Qxb2 29. Nxb2 Bc1 30. Na4 Bxa3 31. Bb5 Nc7 32. Bd7 g6 33. Nc3 Bb4 34. Na2
Bd6 35. Nc3 Kf8 36. Bc6 Bxf4 37. gxf4 Ke7 38. Nb5 Nxb5 39. Bxb5 Be8 40. Be2 Kd6
41. h4 Kc7 42. Kf1 b5 43. Ke1 Kb6 44. Kd2 a5 45. Bd1 b4 46. Kc1 Bb5 47. Kb2 Kc7
48. Kc1 Kd6 49. Kd2 Ke7 50. f3 Kf6 51. fxe4 fxe4 52. Bg4 h6 53. Bc8 Bc6 54. Bg4
g5 55. hxg5+ hxg5 56. fxg5+ Kxg5 57. Bd1 Kh4 58. Bc2 Kg3 59. Bd1 Kf2 60. Bc2
Bb5 61. Bd1 Kg3 62. Bc2 Kh4 63. Bd1 Bd3 64. Kc1 Kg3 65. Kd2 Kf2 66. Bh5 Bb5 67.
Bd1 a4 68. bxa4 Bc4 69. a5 b3 1/2-1/2

[Event "XVII M.F.Sz.Dobczyce Gr.A"]
[Site "Dobczyce"]
[Date "2009.07.25"]
[Round "8.5"]
[White "Siedlinski, Piotr"]
[Black "Grabarczyk, Bogdan"]
[Result "0-1"]
[WhiteElo "1922"]
[BlackElo "2445"]
[PlyCount "52"]
[EventDate "2009.??.??"]

1. e4 c5 2. Nc3 a6 3. g3 b5 4. Bg2 Bb7 5. d3 e6 6. Nf3 d6 7. O-O Nd7 8. Re1 Qc7
9. Bf4 h6 10. e5 d5 11. h4 Ne7 12. h5 g5 13. hxg6 fxg6 14. g4 g5 15. Bg3 Ng6
16. Qd2 Bg7 17. d4 O-O 18. Qe3 Nf4 19. Ne2 Nxg2 20. Kxg2 Rf7 21. c3 Raf8 22.
Nd2 Bxe5 23. Bxe5 Nxe5 24. Qxe5 Rxf2+ 25. Kg1 Qxe5 26. dxe5 d4 0-1

[Event "XVII M.F.Sz.Dobczyce Gr.A"]
[Site "Dobczyce"]
[Date "2009.07.25"]
[Round "8.7"]
[White "Platek, Michal"]
[Black "Jagodzinski, Waldemar"]
[Result "1-0"]
[WhiteElo "1942"]
[BlackElo "2096"]
[PlyCount "78"]
[EventDate "2009.??.??"]

1. e4 d6 2. d4 Nf6 3. Nc3 c6 4. Nf3 Bg4 5. Be2 e6 6. O-O Be7 7. Bg5 h6 8. Bh4
d5 9. e5 Nfd7 10. Bxe7 Qxe7 11. Nd2 Bxe2 12. Nxe2 c5 13. f4 cxd4 14. Nxd4 Nc6
15. N2f3 O-O 16. c3 Rad8 17. Qe1 Nc5 18. Qg3 Ne4 19. Qg4 Nxd4 20. Nxd4 f5 21.
Qg6 Rde8 22. Qh5 Kh7 23. Kh1 Rg8 24. g4 g6 25. Qh3 b5 26. Rf3 b4 27. Qg2 Qc5
28. Re1 bxc3 29. bxc3 Rg7 30. Qh3 Qb6 31. Qxh6+ Kg8 32. gxf5 exf5 33. Rg1 Nxc3
34. Nxf5 Qxg1+ 35. Kxg1 gxf5+ 36. Kf1 Ne4 37. Rh3 d4 38. Qh8+ Kf7 39. Qh5+ Ke6
1-0

[Event "XVII M.F.Sz.Dobczyce Gr.A"]
[Site "Dobczyce"]
[Date "2009.07.25"]
[Round "8.8"]
[White "Sleczka, Bartosz"]
[Black "Sowinski, Lukasz"]
[Result "1-0"]
[WhiteElo "1835"]
[BlackElo "1886"]
[PlyCount "47"]
[EventDate "2009.??.??"]

1. e4 e5 2. Nf3 Nc6 3. Bc4 Nf6 4. d4 exd4 5. O-O d6 6. Nxd4 Be7 7. Nc3 O-O 8.
Re1 Nxd4 9. Qxd4 Ne8 10. Be3 Bf6 11. Qd2 Be6 12. Bd3 c6 13. f4 Bxc3 14. Qxc3
Qf6 15. e5 Qd8 16. Rad1 Bg4 17. Rd2 g6 18. h3 Be6 19. exd6 Qh4 20. Rf1 Nxd6 21.
Qe5 Nf5 22. Bf2 Qh6 23. g4 Nh4 24. Bd4 1-0